000 00593nam a2200193Ia 4500
003 GCL
008 140319s9999 xx 000 0 ara d
040 _aGCL /
_cGCL
082 0 4 _a810.8
_bا ف
100 1 _aابراهيم عبدالقادر المازنى
245 1 0 _aفى الطريق /
_cابراهيم عبدالقادر المازنى
260 _aالقاهرة :
_bمكتبة النهضة المصرية
300 _a415 ص ؛
_c20 سم
490 _a
650 0 4 _aالادب العربى
650 0 4 _aالقصص العربية
650 0 4 _aالقصص
942 _2ddc
_cBK
999 _c45728
_d45728